Normal view
MARC view
- داود، حسام الدين علي
Entry Personal Name
001 - CONTROL NUMBER
- control field: 50165
003 - CONTROL NUMBER IDENTIFIER
- control field: JO-AjAnu
005 - DATE AND TIME OF LATEST TRANSACTION
- control field: 20230606082248.0
008 - FIXED-LENGTH DATA ELEMENTS
- fixed length control field: 230606|| aca||aabn | a|a d
040 ## - CATALOGING SOURCE
- Original cataloging agency: JO-AjAnu
- Transcribing agency: JO-AjAnu
100 ## - HEADING--PERSONAL NAME
- Personal name: داود، حسام الدين علي
670 ## - SOURCE DATA FOUND
- Source citation: Work cat.: (JO-AjAnu)25649: داود، حسام الدين علي, author, المبادىء الحديثة في الاقتصاد الكلي مع التطبيق على الاقتصاد الاردني